000 00311 a2200109 4500
001 ART_9580
005 20260410161836.0
008 260409a
245 1 0 _aEl problema dual
100 1 _aBonatti, Patricia
773 0 _tContabilidad y administración
_g- Año 5, Nº 50 (ago. 1981)
_wREV5485
999 _c23700
_d23700